Enzymes for Applications in Biorefineries

Gespeichert in:
Bibliographische Detailangaben
1. Verfasser: Awwad, Jad (Verfasst von)
Weitere Verfasser: Rebroš, Martin (Betreuung Doktorarbeit)
Format: Manuskript Buch
Sprache:Slowakisch
Englisch
Veröffentlicht: 2025
Schlagworte:
Online-Zugang:http://is.stuba.sk/zp/portal_zp.pl?podrobnosti=176156
Tags: Tag hinzufügen
Keine Tags, Fügen Sie das erste Tag hinzu!

MARC

LEADER 00000ntm a22000003a 4500
001 stuzp104766
003 SK-STU
005 20250628212003.6
007 ta
008 150427s2015----xo-----f-mn---000-0-slo-d
040 |a STU  |b slo 
041 0 |a eng 
100 1 |a Awwad, Jad  |u 044000  |4 aut  |U FCHPT Fakulta chemickej a potravinárskej technológie  |T FCHPT Ústav biotechnológie  |X 121466  |U C4000  |Y 102  |7 121466 
242 0 1 |a Enzýmy pre aplikácie v biorafinériách  |y slo 
245 1 0 |a Enzymes for Applications in Biorefineries 
260 |c 2025 
650 4 |a indukcia metanolom  |2 slo 
650 4 |a rekombinantný enzým  |2 slo 
650 4 |a exo-β-1,3-glukanáza  |2 slo 
650 4 |a Pichia pastoris  |2 slo 
650 4 |a recombinant enzyme  |2 eng 
650 4 |a exo-β-1,3-glucanase  |2 eng 
650 4 |a methanol induction  |2 eng 
650 4 |a Pichia pastoris  |2 eng 
700 1 |a Rebroš, Martin  |u 044000  |k Z1  |4 ths  |U FCHPT Fakulta chemickej a potravinárskej technológie  |T FCHPT Ústav biotechnológie  |X 4015  |U C4000  |Y 102  |7 A000004015 
856 4 |u http://is.stuba.sk/zp/portal_zp.pl?podrobnosti=176156